<?xml version="1.0" encoding="UTF-8"?>
<marc:record xmlns:marc="http://www.loc.gov/MARC21/slim">
   <marc:leader>00000nam a2200000 a 4500</marc:leader>
   <marc:datafield ind1="1" ind2=" " tag="100">
      <marc:subfield code="a">Zeh, Juli</marc:subfield>
      <marc:subfield code="4">aut</marc:subfield>
      <marc:subfield code="e">Verfasser/-in</marc:subfield>
   </marc:datafield>
   <marc:datafield ind1=" " ind2=" " tag="653">
      <marc:subfield code="a">Deutsche Literatur</marc:subfield>
   </marc:datafield>
   <marc:datafield ind1="0" ind2="0" tag="245">
      <marc:subfield code="a">Neujahr</marc:subfield>
   </marc:datafield>
   <marc:datafield ind1="0" ind2="0" tag="245">
      <marc:subfield code="b">Roman</marc:subfield>
   </marc:datafield>
   <marc:datafield ind1="0" ind2="0" tag="245">
      <marc:subfield code="c">Zeh, Juli</marc:subfield>
   </marc:datafield>
   <marc:datafield ind1=" " ind2="1" tag="264">
      <marc:subfield code="a">München</marc:subfield>
      <marc:subfield code="b">Luchterhand</marc:subfield>
      <marc:subfield code="c">2018</marc:subfield>
   </marc:datafield>
   <marc:datafield ind1=" " ind2=" " tag="250">
      <marc:subfield code="a">1. Aufl.</marc:subfield>
   </marc:datafield>
   <marc:datafield ind1="1" ind2=" " tag="520">
      <marc:subfield code="a">Lanzarote, am Neujahrsmorgen: Henning will mit dem Rad den Steilaufstieg nach Femés bezwingen. Seine Ausrüstung ist miserabel, Proviant nicht vorhanden. Während er gegen Wind und Steigung kämpft, rekapituliert er seine Lebenssituation. Eigentlich ist alles in Ordnung, die Kinder gesund, der Job passabel. Aber Henning fühlt sich überfordert. Familienernährer, Ehemann, Vater  in keiner Rolle findet er sich wieder. Seit einiger Zeit leidet er unter Panikattacken, die ihn heimsuchen wie ein Dämon. Als er schließlich völlig erschöpft den Pass erreicht, führt ihn ein Zufall auf eine gedankliche Zeitreise in seine Kindheit. Schlagartig durchlebt er wieder, was ihn einmal fast das Leben gekostet und bis heute geprägt hat. &lt;br/&gt;&lt;br/&gt;Neujahr erzählt die atemberaubende Geschichte von zwei kleinen Kindern, die mitten im Ferienparadies in die Hölle geraten. Ebenso geht es um die Krise eines Mannes, der zwischen ungeklärten Geschlechterrollen zerrieben wird. Und um die existenzielle Frage, ob unser Leben bereits in der Kindheit vorbestimmt wird oder ob wir selbst es sind, die über Glück oder Unglück entscheiden. [Verlagsmeldung]</marc:subfield>
   </marc:datafield>
   <marc:datafield ind1=" " ind2=" " tag="020">
      <marc:subfield code="a">9783630875729</marc:subfield>
      <marc:subfield code="9">9783630875729</marc:subfield>
   </marc:datafield>
   <marc:datafield ind1=" " ind2=" " tag="020">
      <marc:subfield code="a">3630875726</marc:subfield>
      <marc:subfield code="9">3630875726</marc:subfield>
   </marc:datafield>
   <marc:datafield ind1=" " ind2=" " tag="041">
      <marc:subfield code="a">ger</marc:subfield>
   </marc:datafield>
   <marc:datafield ind1=" " ind2=" " tag="338">
      <marc:subfield code="a">Band</marc:subfield>
   </marc:datafield>
   <marc:datafield ind1=" " ind2=" " tag="300">
      <marc:subfield code="a">190 S.</marc:subfield>
   </marc:datafield>
</marc:record>
